000 00459nam a2200193Ia 4500
005 20230609114430.0
008 131103s9999 xx 000 0 und d
020 _a99866005
040 _aLoreto College
041 _aEnglish
082 _aF
_bDUM
100 _aDu Maurier,Daphne
245 _aRebecca
_cDaphne Du Maurier
260 _aLondon
_bArrow Books
_c1992
300 _a396 p.
650 _aFiction in English
850 _aLCLIB
942 _cBK
999 _c15341
_d65820